[Event "41st World U20 ch"]
[Site "Panaji IND"]
[Date "2002.12.09"]
[Round "1.33"]
[White "Neelotpal, Das"]
[Black "Sriram, Sarja"]
[Result "1-0"]
[WhiteElo "2374"]
[BlackElo "2100"]
[EventDate "2002.12.09"]
[PlyCount "135"]

1.Nf3 Nf6 2.c4 e6 3.d4 b6 4.e3 Bb7 5.Bd3 Be7 6.O-O O-O 7.b3 d5 8.Bb2 Nbd7 
9.Nbd2 c5 10.Rc1 Bd6 11.Re1 Ne4 12.cxd5 exd5 13.dxc5 Ndxc5 14.Bb1 Re8 15.
Nf1 a6 16.Ng3 Nxg3 17.hxg3 Qe7 18.Nd4 Be5 19.Nf5 Qf6 20.Bd4 Ne4 21.g4 Rac8
22.Bxe5 Qxe5 23.Qd4 Qxd4 24.exd4 Kf8 25.f3 Nf6 26.Nd6 Rxe1+ 27.Rxe1 Rb8 
28.Bd3 Bc6 29.Rc1 Bd7 30.Rc7 h6 31.Kf2 a5 32.Ke1 g6 33.Kd2 Ke7 34.Nb5 Kd8 
35.Rc1 Ng8 36.Rh1 Nf6 37.Rxh6 Ke7 38.Nc3 Be6 39.Ne2 Rd8 40.g5 Nh5 41.g4 
Ng7 42.Nf4 Re8 43.Rh7 Rg8 44.Rh4 Rc8 45.Ne2 Rb8 46.Ng3 Bd7 47.Rh7 Rg8 48.
Ne2 Ne6 49.f4 Nf8 50.Rh4 Rg7 51.Nc3 Kd6 52.Rh8 Ne6 53.Ke3 Nc7 54.Kf3 Ne6 
55.Ne2 Kc7 56.Ke3 Kd6 57.Ng1 Nc7 58.Rh4 Rg8 59.Nf3 Ne6 60.Ne5 Be8 61.Rh1 
Nd8 62.Rh6 Ke7 63.f5 gxf5 64.Bxf5 Ne6 65.Bxe6 fxe6 66.g6 Kf6 67.Kf4 Rf8 
68.Rh7 1-0

[Event "41st World U20 ch"]
[Site "Panaji IND"]
[Date "2002.12.09"]
[Round "1.34"]
[White "Naveen, R."]
[Black "Collins, Sam"]
[Result "0-1"]
[WhiteElo "2099"]
[BlackElo "2372"]
[EventDate "2002.12.09"]
[PlyCount "90"]

1.e4 c5 2.Nf3 Nc6 3.Bb5 e6 4.O-O Nge7 5.Bxc6 Nxc6 6.d4 cxd4 7.Nxd4 Be7 8.
Re1 O-O 9.Nxc6 dxc6 10.e5 Qxd1 11.Rxd1 f6 12.Bf4 g5 13.Be3 f5 14.f4 h6 15.
Nc3 b6 16.Ne2 Kf7 17.Kf2 Ba6 18.Nd4 Rac8 19.Nf3 g4 20.Nd4 Rfd8 21.Ne2 Bh4+
22.g3 Be7 23.b3 h5 24.Nc3 h4 25.gxh4 Bxh4+ 26.Kg1 c5 27.Rxd8 Rxd8 28.Rd1 
Rxd1+ 29.Nxd1 c4 30.bxc4 Bxc4 31.a4 Be1 32.Bf2 Bb4 33.Bd4 Bd5 34.Nc3 Be4 
35.Nxe4 fxe4 36.c3 Ba3 37.Kf2 Kg6 38.Kg3 Kf5 39.Be3 Bc5 40.Bc1 e3 41.c4 e2
42.Bd2 Be3 43.Be1 Bxf4+ 44.Kf2 Bxh2 45.Kxe2 Ke4 0-1

[Event "41st World U20 ch"]
[Site "Panaji IND"]
[Date "2002.12.09"]
[Round "1.35"]
[White "Deepan Chakravarthy, Jeyakumar"]
[Black "Himanshu, Kumar"]
[Result "1-0"]
[WhiteElo "2355"]
[BlackElo "2072"]
[EventDate "2002.12.09"]
[PlyCount "105"]

1.c4 e6 2.Nc3 d5 3.d4 dxc4 4.e3 c5 5.Bxc4 Nf6 6.Nf3 a6 7.a4 b6 8.O-O Bb7 
9.Qe2 Nbd7 10.Rd1 Qc7 11.b3 Be7 12.Bb2 O-O 13.Rac1 Rfd8 14.h3 Qb8 15.Rc2 
h6 16.Rcd2 cxd4 17.exd4 Bb4 18.Rc2 Bxc3 19.Rxc3 Nd5 20.Rcc1 Qd6 21.Ne5 
N7f6 22.g3 Nc7 23.Ra1 b5 24.Ba3 b4 25.Bb2 Ncd5 26.Rac1 Nb6 27.Ng4 Ne4 28.
d5 exd5 29.Be5 Qe6 30.Qxe4 Nxc4 31.Qd4 Nxe5 32.Nxe5 Re8 33.Nd3 a5 34.Rc7 
Re7 35.Nc5 Rxc7 36.Nxe6 fxe6 37.Qb6 Re7 38.Rc1 d4 39.Qxd4 Bd5 40.Qe3 Rf7 
41.f4 Rd7 42.Rc5 Rad8 43.Rxa5 Bb7 44.Qxe6+ Kh8 45.Re5 Rd6 46.Qe7 R8d7 47.
Qe8+ Kh7 48.Qf8 Rd1+ 49.Kf2 R1d2+ 50.Re2 R2d3 51.Qf5+ g6 52.Re7+ Rxe7 53.
Qxd3 1-0

[Event "41st World U20 ch"]
[Site "Panaji IND"]
[Date "2002.12.09"]
[Round "1.36"]
[White "Pranjal, Phukan"]
[Black "Glinert, Stephen"]
[Result "0-1"]
[WhiteElo "2059"]
[BlackElo "2351"]
[EventDate "2002.12.09"]
[PlyCount "78"]

1.e4 d6 2.d4 Nf6 3.Nc3 g6 4.Nf3 Bg7 5.Be2 O-O 6.O-O Bg4 7.e5 Nfd7 8.h3 
Bxf3 9.Bxf3 Nc6 10.exd6 cxd6 11.Be3 Nb6 12.Rb1 Rc8 13.Nd5 Nc4 14.c3 e6 15.
Nf4 d5 16.Nd3 b5 17.Re1 a5 18.b4 axb4 19.Nxb4 Qa5 20.Nxc6 Rxc6 21.Qb3 Na3 
22.Rbc1 Rfc8 23.Bd2 Nc4 24.Bf4 Na3 25.Bd2 Bxd4 26.Bxd5 exd5 27.Qxd5 Bf6 
28.Bh6 Qd8 29.Qf3 Nc4 30.Rcd1 Qc7 31.Rd5 Bg7 32.Bf4 Qb6 33.Rd7 Rf6 34.Qg3 
Re6 35.Red1 Rce8 36.Kh2 Re2 37.Qh4 Qxf2 38.Qxf2 Rxf2 39.Re7 Kf8 0-1

[Event "41st World U20 ch"]
[Site "Panaji IND"]
[Date "2002.12.09"]
[Round "1.37"]
[White "Poobesh Anand, Selvaraj"]
[Black "Pereira, Edgar"]
[Result "1-0"]
[WhiteElo "2351"]
[BlackElo "2049"]
[EventDate "2002.12.09"]
[PlyCount "85"]

1.d4 Nf6 2.c4 g6 3.Nc3 d5 4.cxd5 Nxd5 5.e4 Nxc3 6.bxc3 Bg7 7.Be3 c5 8.Rc1 
O-O 9.d5 b6 10.Nf3 Bg4 11.Be2 e6 12.c4 Nd7 13.O-O e5 14.a4 Bxf3 15.Bxf3 
Nf6 16.a5 Ne8 17.Qb3 Qc7 18.Be2 Nd6 19.f3 f5 20.Rb1 Rab8 21.axb6 axb6 22.
Qc2 f4 23.Bf2 Ra8 24.Qb3 Ra6 25.Rb2 Rfa8 26.Rfb1 Bf8 27.Bf1 Nc8 28.g3 g5 
29.Bh3 Nd6 30.gxf4 gxf4 31.Kh1 Kh8 32.Bh4 Be7 33.Bxe7 Qxe7 34.Rg1 Rg8 35.
Rxg8+ Kxg8 36.Rg2+ Kh8 37.Rg1 h5 38.Be6 Qf6 39.Qb2 Ra8 40.Qxb6 Nxc4 41.Qc7
Ne3 42.d6 Rd8 43.Qe7 1-0

[Event "41st World U20 ch"]
[Site "Panaji IND"]
[Date "2002.12.09"]
[Round "1.38"]
[White "Cruz, Wilson"]
[Black "Prathamesh, Sunil Mokal"]
[Result "0-1"]
[WhiteElo "2021"]
[BlackElo "2335"]
[EventDate "2002.12.09"]
[PlyCount "82"]

1.e4 c5 2.Nf3 e6 3.d4 cxd4 4.Nxd4 a6 5.Be3 Nf6 6.Bd3 Qc7 7.O-O d6 8.a4 b6 
9.Nc3 Bb7 10.f4 Be7 11.g4 Nc6 12.Nb3 Nd7 13.g5 Nb4 14.Be2 d5 15.exd5 Nxd5 
16.Nxd5 Bxd5 17.Bf3 Bxf3 18.Qxf3 O-O 19.Rf2 Rac8 20.Rd1 Rfd8 21.Qe4 Nf8 
22.Rfd2 Rxd2 23.Rxd2 Ng6 24.f5 exf5 25.Qxf5 Rd8 26.Qf2 Rxd2 27.Qxd2 Qc6 
28.Qg2 Qe6 29.Qg3 Bd6 30.Nd4 Qd5 31.Qf3 Qe5 32.Qf2 Bc5 33.c3 Qe4 34.b4 
Bxd4 35.Bxd4 Nf4 36.Kf1 Qh1+ 37.Qg1 Qf3+ 38.Qf2 Qh3+ 39.Kg1 Qg4+ 40.Kf1 b5
41.axb5 axb5 0-1

[Event "41st World U20 ch"]
[Site "Panaji IND"]
[Date "2002.12.09"]
[Round "1.39"]
[White "Asauskas, Henrikas"]
[Black "Phanikanth, J. S. S."]
[Result "1-0"]
[WhiteElo "2331"]
[BlackElo "2012"]
[EventDate "2002.12.09"]
[PlyCount "44"]

1.e4 e5 2.f4 exf4 3.Nf3 Be7 4.Bc4 Bh4+ 5.Kf1 d6 6.d4 Bf6 7.Bxf4 Nc6 8.c3 
Nge7 9.Nbd2 Ng6 10.Bg3 O-O 11.h4 Re8 12.b4 a6 13.Qb3 Qe7 14.Re1 Qd7 15.h5 
Nf8 16.e5 dxe5 17.dxe5 Bd8 18.h6 g6 19.Bh4 Ne6 20.Ne4 Rf8 21.Rd1 Qe8 22.
Bxd8 Ncxd8 1-0

[Event "41st World U20 ch"]
[Site "Panaji IND"]
[Date "2002.12.09"]
[Round "1.40"]
[White "Sanchit, Agarwal"]
[Black "Das, Arghyadip"]
[Result "0-1"]
[WhiteElo "2004"]
[BlackElo "2324"]
[EventDate "2002.12.09"]
[PlyCount "48"]

1.e4 c5 2.c3 Nf6 3.e5 Nd5 4.d4 cxd4 5.Nf3 e6 6.cxd4 b6 7.Nc3 Nxc3 8.bxc3 
Qc7 9.Bd2 d6 10.Rc1 Nd7 11.Bf4 dxe5 12.Bxe5 Qc6 13.Bd3 Bb7 14.Qe2 a6 15.
Bg3 Ba3 16.Rc2 O-O 17.Ng5 h6 18.Be4 Qc8 19.Bxb7 Qxb7 20.Qe4 Qxe4+ 21.Nxe4 
Rac8 22.Kd2 f5 23.Nd6 Rc6 24.Nb7 f4 0-1

[Event "41st World U20 ch"]
[Site "Panaji IND"]
[Date "2002.12.09"]
[Round "1.43"]
[White "Borchgrevink, Harald"]
[Black "Kjartansson, David"]
[Result "1/2-1/2"]
[WhiteElo "2174"]
[BlackElo "2224"]
[EventDate "2002.12.09"]
[PlyCount "106"]

1.d4 d5 2.Nf3 Nf6 3.c4 c6 4.Nc3 a6 5.b3 g6 6.Bb2 Bg7 7.e3 O-O 8.Bd3 Bg4 9.
h3 Bxf3 10.Qxf3 Qa5 11.O-O Nbd7 12.a3 dxc4 13.Bxc4 e5 14.b4 Qc7 15.Ne2 
Rfe8 16.Rfd1 Rad8 17.Rac1 exd4 18.Bxd4 Ne5 19.Qf4 Nh5 20.Qh2 Qe7 21.Bb3 a5
22.Nf4 Qg5 23.Kf1 axb4 24.Nxh5 Qxh5 25.axb4 Qf5 26.g4 Qe4 27.Qf4 Qxf4 28.
exf4 Nf3 29.Be3 Nd4 30.Bc4 h5 31.Kg2 hxg4 32.hxg4 Nc2 33.Bc5 Na3 34.Bb3 
Nb5 35.f5 gxf5 36.g5 Rxd1 37.Rxd1 Re4 38.f3 Re2+ 39.Kg3 Rb2 40.Bc4 Rc2 41.
Bd3 Rc3 42.Bxf5 Be5+ 43.Kg4 Rc4+ 44.Kh3 Nd4 45.Bd3 Rc3 46.f4 Ne6 47.fxe5 
Nf4+ 48.Kg4 Nxd3 49.Bd4 Ra3 50.Kf5 Nxb4 51.g6 fxg6+ 52.Kxg6 Rg3+ 53.Kf5 
Nd5 1/2-1/2

[Event "41st World U20 ch"]
[Site "Panaji IND"]
[Date "2002.12.10"]
[Round "2.1"]
[White "Bu Xiangzhi"]
[Black "Perez Candelario, Manuel"]
[Result "1/2-1/2"]
[WhiteElo "2601"]
[BlackElo "2408"]
[EventDate "2002.12.09"]
[PlyCount "128"]

1.Nf3 d5 2.d4 Nf6 3.c4 e6 4.e3 Be7 5.Nbd2 O-O 6.Qc2 Nbd7 7.Bd3 c5 8.O-O h6
9.Rd1 b6 10.e4 Bb7 11.cxd5 exd5 12.e5 Ne8 13.Nf1 cxd4 14.Qe2 Nc5 15.Nxd4 
Nxd3 16.Qxd3 Nc7 17.Ng3 Re8 18.Nh5 Bf8 19.Nf5 Re6 20.Bf4 Rg6 21.Bg3 Ne6 
22.Qe2 d4 23.Nh4 Qd5 24.f4 Nc5 25.f5 Rg5 26.Nf4 Qe4 27.Qf1 Qe3+ 28.Kh1 Ne4
29.Be1 Rg4 30.Nd3 Qg5 31.Nf3 Qxf5 32.h3 Ng3+ 33.Bxg3 Rxg3 34.Kh2 Rg6 35.
Rd2 Rd8 36.Nh4 Qxf1 37.Rxf1 Rg5 38.Rc1 Rd7 39.Nf3 Rf5 40.Nh4 Rh5 41.Nf3 
Be7 42.g4 Rg5 43.Kg3 Rg6 44.Nf4 Rc6 45.Rcd1 Rc5 46.Rxd4 Rxd4 47.Rxd4 Bxf3 
48.Kxf3 Rxe5 49.Rd7 Bc5 50.b4 Re3+ 51.Kg2 Bxb4 52.Nd5 Re2+ 53.Kf3 Rd2 54.
Ke4 Ba5 55.Rxa7 Rxa2 56.Ra8+ Kh7 57.Nxb6 Ra1 58.Kf3 Bc3 59.Rxa1 Bxa1 60.
Nd5 Kg6 61.Ne7+ Kf6 62.Nf5 h5 63.Ng3 hxg4+ 64.hxg4 g6 1/2-1/2

[Event "41st World U20 ch"]
[Site "Panaji IND"]
[Date "2002.12.10"]
[Round "2.4"]
[White "Sadykov, Rustem"]
[Black "Miton, Kamil"]
[Result "1-0"]
[WhiteElo "2400"]
[BlackElo "2564"]
[EventDate "2002.12.09"]
[PlyCount "85"]

1.e4 c5 2.Nf3 d6 3.d4 cxd4 4.Nxd4 Nf6 5.Nc3 Nc6 6.f3 e5 7.Nb3 Be7 8.Be3 
O-O 9.Qd2 a5 10.Bb5 Be6 11.O-O Na7 12.Bd3 Nc8 13.Qf2 Nh5 14.g3 Bg5 15.f4 
Bh6 16.f5 Bxe3 17.Qxe3 Bd7 18.Nd5 Bc6 19.f6 Bxd5 20.fxg7 Nxg7 21.exd5 Qb6 
22.Qxb6 Nxb6 23.Rf6 Ne8 24.Rh6 f5 25.Rf1 Kg7 26.Re6 Nxd5 27.c4 Nb4 28.Bxf5
Nc6 29.g4 Rf7 30.a4 Rd8 31.g5 d5 32.cxd5 Ne7 33.Rxe5 Nxf5 34.Rexf5 Rxf5 
35.Rxf5 Nd6 36.Nd4 Kg6 37.Rf4 Nc8 38.Ne6 Rg8 39.Rf6+ Kh5 40.Kg2 Kh4 41.h3 
Rg6 42.Rf4+ Kh5 43.Rf8 1-0

[Event "41st World U20 ch"]
[Site "Panaji IND"]
[Date "2002.12.10"]
[Round "2.5"]
[White "Smerdon, David"]
[Black "Timofeev, Artiom"]
[Result "1-0"]
[WhiteElo "2382"]
[BlackElo "2558"]
[EventDate "2002.12.09"]
[PlyCount "109"]

1.e4 d6 2.d4 Nf6 3.Nc3 g6 4.Be3 c6 5.Qd2 b5 6.Bd3 Nbd7 7.Nf3 Bg7 8.Bh6 
Bxh6 9.Qxh6 e5 10.dxe5 dxe5 11.O-O Ng4 12.Qd2 Qe7 13.Ne2 O-O 14.a4 b4 15.
h3 Ngf6 16.Ng3 Re8 17.Bc4 a5 18.Qe3 Kg7 19.Rad1 Rb8 20.Qg5 Nb6 21.Nh4 Kh8 
22.Bb3 Nfd7 23.Qxe7 Rxe7 24.Rd6 c5 25.c4 Ba6 26.Rfd1 Rb7 27.Rc1 Nf8 28.Rd8
Kg8 29.Nf1 Rbd7 30.Rxd7 Rxd7 31.Nf3 Ne6 32.Nxe5 Rd4 33.Nc6 Rxe4 34.Ng3 Rh4
35.Nxa5 Kg7 36.Ne2 Re4 37.Ng3 Rd4 38.Nf1 Nf4 39.Rd1 Rxd1 40.Bxd1 Nxc4 41.
Nxc4 Bxc4 42.Nd2 Bd3 43.a5 Kf6 44.Nb3 Ne6 45.Bg4 c4 46.Bxe6 fxe6 47.Nc5 
Bc2 48.a6 c3 49.bxc3 b3 50.a7 b2 51.a8=Q b1=Q+ 52.Kh2 Qe1 53.Qf8+ Ke5 54.
Nd7+ Kd5 55.Qc5+ 1-0

[Event "41st World U20 ch"]
[Site "Panaji IND"]
[Date "2002.12.10"]
[Round "2.8"]
[White "Berkes, Ferenc"]
[Black "Carlsson, Pontus"]
[Result "1-0"]
[WhiteElo "2545"]
[BlackElo "2376"]
[EventDate "2002.12.09"]
[PlyCount "83"]

1.d4 Nf6 2.c4 e6 3.g3 c5 4.d5 exd5 5.cxd5 b5 6.Bg2 d6 7.Nf3 Be7 8.O-O O-O 
9.Re1 Re8 10.a4 bxa4 11.Nc3 Nbd7 12.h3 Nb6 13.e4 Bb7 14.Nxa4 Nxa4 15.Qxa4 
Nd7 16.Bf4 Nb6 17.Qc2 Qd7 18.h4 Bf6 19.Rad1 Rad8 20.e5 dxe5 21.Bxe5 Bxe5 
22.Nxe5 Qd6 23.Nc6 Ra8 24.h5 h6 25.Qf5 Nd7 26.Qf4 Qxf4 27.gxf4 Nf6 28.Re5 
Nd7 29.Re3 Kf8 30.Na5 Ba6 31.d6 Rab8 32.Nc6 Rxb2 33.Rxe8+ Kxe8 34.Re1+ Kf8
35.Re7 Rb1+ 36.Kh2 Nf6 37.Ne5 Rb6 38.Rxf7+ Kg8 39.Rxa7 Rxd6 40.Ra8+ Kh7 
41.Nf7 Ng4+ 42.Kg3 1-0

[Event "41st World U20 ch"]
[Site "Panaji IND"]
[Date "2002.12.10"]
[Round "2.9"]
[White "Roy Chowdhury, Saptarshi"]
[Black "Ni Hua"]
[Result "1/2-1/2"]
[WhiteElo "2376"]
[BlackElo "2545"]
[EventDate "2002.12.09"]
[PlyCount "71"]

1.e4 c5 2.Nf3 Nc6 3.Nc3 e5 4.Bc4 d6 5.d3 Be7 6.O-O Nf6 7.Ng5 O-O 8.f4 h6 
9.Nf3 exf4 10.Bxf4 Be6 11.Bxe6 fxe6 12.Qd2 Ng4 13.h3 Nge5 14.Nxe5 Nxe5 15.
Bxe5 dxe5 16.Rxf8+ Bxf8 17.Qf2 Qd4 18.Rf1 c4 19.Qxd4 exd4 20.Nb5 Rc8 21.
Nxa7 Ra8 22.Nb5 Rxa2 23.Rb1 cxd3 24.cxd3 e5 25.Nc7 Be7 26.Nd5 Bg5 27.Kf2 
Bd2 28.Kf3 Kf7 29.h4 b5 30.Kg4 g6 31.h5 Kg7 32.hxg6 Kxg6 33.Ne7+ Kf6 34.
Nd5+ Kg6 35.Ne7+ Kf6 36.Nd5+ 1/2-1/2

[Event "41st World U20 ch"]
[Site "Panaji IND"]
[Date "2002.12.10"]
[Round "2.10"]
[White "Collins, Sam"]
[Black "Azarov, Sergei"]
[Result "0-1"]
[WhiteElo "2372"]
[BlackElo "2520"]
[EventDate "2002.12.09"]
[PlyCount "94"]

1.e4 e5 2.Nf3 Nc6 3.d4 exd4 4.Nxd4 Bc5 5.Nxc6 Qf6 6.Qd2 bxc6 7.Nc3 Ne7 8.
Bd3 O-O 9.O-O Ng6 10.Kh1 d6 11.f4 Bb4 12.Qf2 Bxc3 13.bxc3 Bd7 14.Qd4 Qe7 
15.c4 c5 16.Qd5 Rab8 17.Bd2 Qe8 18.Qh5 f6 19.Bc3 Qf7 20.Rae1 Bc6 21.Kg1 
Rbe8 22.g4 Re7 23.e5 Rfe8 24.Re3 Nf8 25.Qxf7+ Rxf7 26.Rfe1 fxe5 27.fxe5 
Ng6 28.e6 Rf4 29.h3 Nh4 30.Be4 Bxe4 31.Rxe4 Nf3+ 32.Kh1 Rxe4 33.Rxe4 Ng5 
34.Rf4 Rxe6 35.h4 Re4 36.Bd2 Rxf4 37.Bxf4 Ne6 38.Be3 Nd4 39.Bxd4 cxd4 40.
Kg2 Kf7 41.Kf3 c5 42.Kf4 Kf6 43.g5+ Ke6 44.h5 d5 45.cxd5+ Kxd5 46.Kf5 c4 
47.Kf4 c3 0-1

[Event "41st World U20 ch"]
[Site "Panaji IND"]
[Date "2002.12.10"]
[Round "2.11"]
[White "Ghaem Maghami, Ehsan"]
[Black "Neelotpal, Das"]
[Result "1/2-1/2"]
[WhiteElo "2511"]
[BlackElo "2374"]
[EventDate "2002.12.09"]
[PlyCount "82"]

1.c4 Nf6 2.Nc3 e5 3.Nf3 Nc6 4.d4 exd4 5.Nxd4 Bb4 6.Bg5 h6 7.Bh4 O-O 8.e3 
Ne5 9.Nb5 Ng6 10.Bxf6 Qxf6 11.a3 Bxc3+ 12.Nxc3 d6 13.Be2 Bd7 14.O-O Bc6 
15.Rb1 Rfe8 16.Nd5 Qg5 17.Qd2 Re4 18.f4 Qd8 19.Bd3 Re8 20.Rbc1 Nf8 21.Rfe1
Nd7 22.e4 Nc5 23.Bc2 a5 24.b4 axb4 25.axb4 Bxd5 26.cxd5 Nd7 27.Bd3 Re7 28.
Qc3 Nf6 29.Qd4 Qd7 30.Ra1 Rae8 31.Re2 c6 32.dxc6 bxc6 33.Rae1 Qa7 34.Qxa7 
Rxa7 35.Rc1 Ra3 36.Re3 Nd5 37.exd5 Rxe3 38.dxc6 Rexd3 39.c7 Rac3 40.c8=Q+ 
Rxc8 41.Rxc8+ Kh7 1/2-1/2

[Event "41st World U20 ch"]
[Site "Panaji IND"]
[Date "2002.12.10"]
[Round "2.12"]
[White "Glinert, Stephen"]
[Black "Sandipan, Chanda"]
[Result "0-1"]
[WhiteElo "2351"]
[BlackElo "2510"]
[EventDate "2002.12.09"]
[PlyCount "52"]

1.e4 c5 2.Nc3 e6 3.g3 d5 4.exd5 exd5 5.Bg2 Nf6 6.d3 Be7 7.Nge2 O-O 8.O-O 
d4 9.Ne4 Nxe4 10.dxe4 Nc6 11.Nf4 Bd6 12.Nd5 Ne7 13.c4 Nxd5 14.cxd5 f5 15.
Qh5 g6 16.Qh6 fxe4 17.Bxe4 Bf5 18.Bg5 Qd7 19.Rae1 Bxe4 20.Rxe4 Rf5 21.Rfe1
Bf8 22.Qh4 Qxd5 23.Be7 Bg7 24.b3 d3 25.Rf4 d2 26.Rd1 Re5 0-1

[Event "41st World U20 ch"]
[Site "Panaji IND"]
[Date "2002.12.10"]
[Round "2.13"]
[White "Potkin, Vladimir"]
[Black "Deepan Chakravarthy, Jeyakumar"]
[Result "1-0"]
[WhiteElo "2495"]
[BlackElo "2355"]
[EventDate "2002.12.09"]
[PlyCount "83"]

1.e4 c5 2.Nf3 d6 3.d4 cxd4 4.Nxd4 Nf6 5.Nc3 a6 6.Be3 e6 7.f3 b5 8.g4 Nfd7 
9.Qd2 Nb6 10.O-O-O N8d7 11.Ndxb5 axb5 12.Nxb5 Bb7 13.Nxd6+ Bxd6 14.Qxd6 
Nc8 15.Qb4 Bc6 16.Kb1 Qf6 17.Be2 Rb8 18.Qd4 O-O 19.Qxf6 Nxf6 20.b3 Ne7 21.
Rd6 Rfc8 22.Kb2 Ra8 23.c4 Ne8 24.Rd2 f5 25.exf5 exf5 26.Re1 fxg4 27.fxg4 
Nf6 28.c5 Kh8 29.Bd4 Ne4 30.Rdd1 Nd5 31.Bc4 Ndf6 32.a3 Nxg4 33.Be6 Nxh2 
34.Bxc8 Rxc8 35.Rd3 Ng4 36.b4 h5 37.Rb3 Kg8 38.b5 Bd5 39.Rb4 Ngf2 40.Bxf2 
Nxf2 41.Kc3 g5 42.Re5 1-0

[Event "41st World U20 ch"]
[Site "Panaji IND"]
[Date "2002.12.10"]
[Round "2.14"]
[White "Prathamesh, Sunil Mokal"]
[Black "Erenburg, Sergey"]
[Result "1/2-1/2"]
[WhiteElo "2335"]
[BlackElo "2494"]
[EventDate "2002.12.09"]
[PlyCount "37"]

1.e4 c6 2.d4 d5 3.exd5 cxd5 4.c4 Nf6 5.Nc3 e6 6.Nf3 Bb4 7.cxd5 Nxd5 8.Bd2 
Nc6 9.Bd3 O-O 10.O-O Be7 11.Qe2 Nf6 12.Ne4 Qb6 13.a3 Rd8 14.Be3 Nd5 15.b4 
e5 16.dxe5 Nxe3 17.fxe3 Bg4 18.e6 f6 19.Nf2 1/2-1/2

[Event "41st World U20 ch"]
[Site "Panaji IND"]
[Date "2002.12.10"]
[Round "2.15"]
[White "Paragua, Mark"]
[Black "Poobesh Anand, Selvaraj"]
[Result "1/2-1/2"]
[WhiteElo "2476"]
[BlackElo "2351"]
[EventDate "2002.12.09"]
[PlyCount "73"]

1.e4 c5 2.b3 Nc6 3.Bb2 d6 4.Bb5 e5 5.Bxc6+ bxc6 6.Ne2 Nf6 7.d3 Be7 8.O-O 
O-O 9.Nd2 Nh5 10.f4 Nxf4 11.Nxf4 exf4 12.Rxf4 Bg5 13.Rf1 d5 14.Nf3 c4 15.
bxc4 dxe4 16.dxe4 Qb6+ 17.Bd4 Be3+ 18.Kh1 Bxd4 19.Qxd4 c5 20.Qc3 Be6 21.
Rab1 Qa6 22.Rb5 Rab8 23.Rxc5 Qxa2 24.h4 Rbc8 25.Rxc8 Rxc8 26.c5 Qa6 27.Ra1
Rxc5 28.Rxa6 Rxc3 29.Nd4 Rc7 30.Kg1 Bc8 31.Ra5 Rc4 32.Rd5 Kf8 33.e5 Ke7 
34.h5 Be6 35.Rd6 Bd7 36.h6 gxh6 37.Kf2 1/2-1/2

[Event "41st World U20 ch"]
[Site "Panaji IND"]
[Date "2002.12.10"]
[Round "2.16"]
[White "Wojtaszek, Radoslaw"]
[Black "Asauskas, Henrikas"]
[Result "1-0"]
[WhiteElo "2452"]
[BlackElo "2331"]
[EventDate "2002.12.09"]
[PlyCount "61"]

1.d4 g6 2.c4 Bg7 3.Nf3 Nf6 4.g3 O-O 5.Bg2 d6 6.O-O c6 7.Nc3 Qa5 8.e4 Qh5 
9.e5 dxe5 10.Nxe5 Qxd1 11.Rxd1 Nbd7 12.Nf3 Re8 13.Re1 Nb6 14.b3 Bg4 15.Be3
Nfd7 16.Rac1 e5 17.dxe5 Nxe5 18.Nxe5 Bxe5 19.a4 Nd7 20.h3 Be6 21.a5 a6 22.
Red1 Bc7 23.Ne4 Red8 24.Ng5 Ne5 25.Nxe6 fxe6 26.Bf4 Kf7 27.h4 h6 28.Re1 
Kf6 29.Rc3 g5 30.Bxe5+ Bxe5 31.Rf3+ 1-0

[Event "41st World U20 ch"]
[Site "Panaji IND"]
[Date "2002.12.10"]
[Round "2.17"]
[White "Das, Arghyadip"]
[Black "Satyapragyan, Swayangsu"]
[Result "1/2-1/2"]
[WhiteElo "2324"]
[BlackElo "2436"]
[EventDate "2002.12.09"]
[PlyCount "70"]

1.e4 c5 2.Nf3 Nc6 3.Bb5 d6 4.O-O Bd7 5.c3 a6 6.Ba4 Nf6 7.Re1 b5 8.Bc2 Bg4 
9.d3 e6 10.Nbd2 Be7 11.h3 Bh5 12.Nf1 O-O 13.Ng3 Bg6 14.Nh4 Nd7 15.Nxg6 
hxg6 16.f4 Bf6 17.Rf1 Rc8 18.Kh1 b4 19.Bd2 Qa5 20.Ne2 Qc7 21.Re1 a5 22.Be3
Qb7 23.Bb3 Nb6 24.f5 exf5 25.exf5 gxf5 26.Ng3 a4 27.Bxa4 Nxa4 28.Qxa4 g6 
29.Qd1 Rfe8 30.Qd2 Re6 31.Bg5 Bxg5 32.Qxg5 Qe7 33.Qxe7 Rxe7 34.Rxe7 Nxe7 
35.Rc1 Nd5 1/2-1/2

[Event "41st World U20 ch"]
[Site "Panaji IND"]
[Date "2002.12.10"]
[Round "2.18"]
[White "Rohit, Gogineni"]
[Black "Kristjansson, Stefan"]
[Result "1/2-1/2"]
[WhiteElo "2319"]
[BlackElo "2431"]
[EventDate "2002.12.09"]
[PlyCount "88"]

1.e4 e6 2.d4 d5 3.Nc3 Bb4 4.e5 Ne7 5.a3 Bxc3+ 6.bxc3 c5 7.Nf3 b6 8.Bb5+ 
Bd7 9.Bd3 Ba4 10.h4 h6 11.h5 Nbc6 12.O-O c4 13.Be2 Kd7 14.Nh2 Qg8 15.Ng4 
Qh7 16.Ra2 Raf8 17.Ne3 Kc7 18.Bg4 Kb7 19.Qe2 Nd8 20.f4 f5 21.exf6 Rxf6 22.
f5 Rhf8 23.fxe6 Qe4 24.Bf3 Qxe6 25.Rf2 Be8 26.Ng4 Qxe2 27.Rxe2 Re6 28.Ne5 
Ndc6 29.Nxc4 Rxe2 30.Nd6+ Kb8 31.Bxe2 Bd7 32.a4 Rf6 33.Ba3 Kc7 34.Nb5+ Kb7
35.c4 a6 36.Nc3 Nxd4 37.Bxe7 Nxe2+ 38.Nxe2 Re6 39.Nf4 Rxe7 40.Nxd5 Re6 41.
a5 bxa5 42.Rxa5 Re5 43.Ra3 Rxh5 44.Rb3+ Kc6 1/2-1/2

[Event "41st World U20 ch"]
[Site "Panaji IND"]
[Date "2002.12.10"]
[Round "2.19"]
[White "Bromberger, Stefan"]
[Black "Li Qun"]
[Result "1-0"]
[WhiteElo "2414"]
[BlackElo "2320"]
[EventDate "2002.12.09"]
[PlyCount "57"]

1.d4 d6 2.e4 e5 3.Nf3 Nd7 4.Bc4 c6 5.O-O Be7 6.dxe5 dxe5 7.Ng5 Bxg5 8.Qh5 
g6 9.Qxg5 Qxg5 10.Bxg5 Nc5 11.f3 Be6 12.Be2 f6 13.Be3 Nd7 14.Nd2 Ne7 15.
Nc4 O-O 16.Rfd1 Rfd8 17.Rd6 Kf7 18.Na5 Rdb8 19.Rad1 Nf8 20.Bh6 b6 21.Bxf8 
bxa5 22.Rxe6 Rxf8 23.Bc4 Ke8 24.Red6 a4 25.Rd7 Nd5 26.Rxh7 Nb6 27.Be6 f5 
28.exf5 gxf5 29.Bd7+ 1-0

[Event "41st World U20 ch"]
[Site "Panaji IND"]
[Date "2002.12.10"]
[Round "2.20"]
[White "Ganguly, Surya Shekhar"]
[Black "Poliakov, Dmitry"]
[Result "1-0"]
[WhiteElo "2531"]
[BlackElo "2290"]
[EventDate "2002.12.09"]
[PlyCount "51"]

1.e4 c5 2.Nf3 Nc6 3.d4 cxd4 4.Nxd4 Nf6 5.Nc3 d6 6.Bg5 e5 7.Bxf6 gxf6 8.Nf5
Bxf5 9.exf5 Nd4 10.Bc4 Rc8 11.Bb3 a6 12.Nd5 Rg8 13.O-O Be7 14.c3 Nxb3 15.
axb3 Qd7 16.Qd3 h5 17.Rad1 Bd8 18.c4 Rg5 19.f4 Rg4 20.Qh3 b5 21.Qxh5 Rg8 
22.Rc1 bxc4 23.bxc4 a5 24.Qh7 Rf8 25.Qg7 Qxf5 26.fxe5 1-0

[Event "41st World U20 ch"]
[Site "Panaji IND"]
[Date "2002.12.10"]
[Round "2.21"]
[White "Jeremic, Veljko"]
[Black "Thakur, Akash"]
[Result "1/2-1/2"]
[WhiteElo "2487"]
[BlackElo "2257"]
[EventDate "2002.12.09"]
[PlyCount "128"]

1.d4 d5 2.c4 dxc4 3.Nf3 Nf6 4.e3 e6 5.Bxc4 c5 6.O-O a6 7.a4 Nc6 8.Qe2 cxd4
9.Rd1 Be7 10.exd4 O-O 11.Nc3 Nb4 12.Bg5 Bd7 13.Ne5 Be8 14.Rac1 Nfd5 15.
Bxe7 Qxe7 16.Bxd5 exd5 17.Qf3 Qd6 18.Re1 Rd8 19.Rcd1 f6 20.Ng4 Bg6 21.h4 
Kh8 22.Rd2 Rfe8 23.Rxe8+ Rxe8 24.Re2 Rxe2 25.Qxe2 h6 26.Qd2 Kh7 27.Ne3 Kg8
28.Qd1 Bf7 29.g3 Qd7 30.Qf3 a5 31.Qd1 Be6 32.Kh2 Nc6 33.Qd2 Qd6 34.Ne2 Qb4
35.Qxb4 Nxb4 36.Nf4 Kf7 37.h5 Ke7 38.g4 Kd6 39.Nxe6 Kxe6 40.Nf5 Nd3 41.
Nxg7+ Kf7 42.Nf5 Nxb2 43.Nd6+ Ke6 44.Nxb7 Nxa4 45.Nxa5 f5 46.Kg3 Nc3 47.
Kf3 fxg4+ 48.Kxg4 Ne4 49.f3 Nf6+ 50.Kh4 Kf5 51.Nc6 Kf4 52.Ne5 Ke3 53.Ng4+ 
Nxg4 54.fxg4 Kf4 55.Kh3 Kf3 56.g5 hxg5 57.h6 g4+ 58.Kh4 g3 59.h7 g2 60.
h8=Q g1=Q 61.Qh5+ Ke4 62.Qe5+ Kd3 63.Qxd5 Qxd4+ 64.Qxd4+ Kxd4 1/2-1/2

[Event "41st World U20 ch"]
[Site "Panaji IND"]
[Date "2002.12.10"]
[Round "2.22"]
[White "Kjartansson, David"]
[Black "Mastrovasilis, Dimitrios"]
[Result "0-1"]
[WhiteElo "2224"]
[BlackElo "2461"]
[EventDate "2002.12.09"]
[PlyCount "47"]

1.e4 c5 2.c3 d5 3.exd5 Qxd5 4.d4 Nf6 5.Nf3 e6 6.Be2 Bd7 7.O-O cxd4 8.cxd4 
Bc6 9.Nc3 Qd8 10.Ne5 Be7 11.Be3 O-O 12.Rc1 Nd5 13.Nxc6 bxc6 14.Na4 Qd6 15.
Nc5 Nd7 16.Nxd7 Qxd7 17.Qa4 Rfd8 18.Ba6 Rab8 19.Bd2 Bf6 20.Rfd1 Rb6 21.Qa3
Qd6 22.Qxd6 Rxd6 23.Ba5 Rxa6 24.b4 0-1

[Event "41st World U20 ch"]
[Site "Panaji IND"]
[Date "2002.12.10"]
[Round "2.23"]
[White "Lim Yee Weng"]
[Black "Bar, Roman"]
[Result "1/2-1/2"]
[WhiteElo "2202"]
[BlackElo "2413"]
[EventDate "2002.12.09"]
[PlyCount "54"]

1.e4 c5 2.c3 Nf6 3.e5 Nd5 4.d4 cxd4 5.Nf3 Nc6 6.Bc4 Nb6 7.Bb3 d6 8.exd6 
Qxd6 9.O-O Be6 10.Na3 dxc3 11.Qe2 Bxb3 12.Nb5 Qb8 13.axb3 g6 14.Be3 Nc8 
15.Ra4 Bg7 16.Bf4 e5 17.Nxe5 Nxe5 18.Bxe5 Bxe5 19.f4 O-O 20.fxe5 cxb2 21.
Re4 a6 22.Nd4 Ne7 23.Qxb2 Qa7 24.Kh1 Rad8 25.Qc3 Rd5 26.Qe3 Qc5 27.b4 Qc7 
1/2-1/2

[Event "41st World U20 ch"]
[Site "Panaji IND"]
[Date "2002.12.10"]
[Round "2.24"]
[White "Akshayraj, Kore"]
[Black "Jirka, Jiri"]
[Result "1/2-1/2"]
[WhiteElo "2167"]
[BlackElo "2378"]
[EventDate "2002.12.09"]
[PlyCount "51"]

1.e4 e5 2.Nf3 Nc6 3.Bb5 Nd4 4.Nxd4 exd4 5.O-O Bc5 6.d3 c6 7.Ba4 d6 8.Nd2 
Nf6 9.Bb3 O-O 10.Nf3 h6 11.Bf4 d5 12.e5 Ne8 13.h3 Nc7 14.Bg3 a5 15.a4 Ne6 
16.Nh2 f5 17.exf6 Rxf6 18.Bh4 g5 19.Bg3 Nf4 20.c4 dxc3 21.bxc3 Bd6 22.d4 
Qf8 23.Ng4 Bxg4 24.hxg4 Re8 25.Bxf4 Bxf4 26.Bc2 1/2-1/2